Hull Trains stations - Statistics

General Stats
  • This quiz has been taken 121 times
  • The average score is 8 of 11
Answer Stats
Answer % Correct
Hull
98%
London King's Cross
84%
Doncaster
78%
Beverley
74%
Stevenage
74%
Brough
68%
Grantham
66%
Selby
65%
Retford
61%
Cottingham
58%
Howden
48%
No matching quizzes found
Score Distribution
Percent of People with Each Score
Percentile by Number Answered
Your Score History
You have not taken this quiz